000 01591cam a22004458i 4500
999 _c525351
_d525351
001 19837720
003 NUST
005 20190729105105.0
008 170725s2018 flu b 001 0 eng
010 _a 2017035052
015 _2parchase
020 _a9781498773430 (hardback : alk. paper)
038 _aNusrat Nadeem
040 _aDLC
_beng
_erda
_cDLC
_dRCMS
042 _apcc
050 0 0 _aQP360.7
_b.B7345 2018
082 0 0 _a612.80285
_223
100 _aedited by Chang S. Nam, Anton Nijholt, Fabien Lotte.
_918821
245 0 0 _aBrain-computer interfaces handbook :
_btechnological and theoretical advances /
_cedited by Chang S. Nam, Anton Nijholt, Fabien Lotte.
263 _a1802
264 1 _aBoca Raton :
_bTaylor & Francis, CRC Press,
_c2018.
300 _apages cm
336 _atext
_btxt
_2rdacontent
337 _aunmediated
_bn
_2rdamedia
338 _avolume
_bnc
_2rdacarrier
504 _aIncludes bibliographical references and index.
650 0 _aNeuroergonomics.
_916183
650 0 _aBrain-computer interfaces.
_916184
650 0 _aSelf-help devices for people with disabilities.
_916185
650 0 _aBrain
_xResearch.
_916186
650 0 _aComputer games
_xEquipment and supplies.
_916187
650 0 _aAugmented reality.
_916188
650 0 _aHuman-machine systems.
_92302
700 1 _aNam, Chang S.,
_eeditor.
_916189
700 1 _aNijholt, Anton,
_d1946-
_eeditor.
_916190
700 1 _aLotte, Fabien,
_eeditor.
_916191
906 _a7
_bcbc
_corignew
_d1
_eecip
_f20
_gy-gencatlg
942 _2ddc
_cBK